Cigány gyerekek nyelvi problémái és iskolai esélyei

Elmentve itt :
Bibliográfiai részletek
Szerző: Réger Zita
Dokumentumtípus: Cikk
Megjelent: 1995
Sorozat:Iskolakultúra 5 No. 24
Kulcsszavak:Oktatásügy - Magyarország - 20. sz., Oktatásügy - cigányok, Oktatás - cigányoké - Magyarország
Online Access:http://misc.bibl.u-szeged.hu/44920
LEADER 00689nab a2200181 i 4500
001 misc44920
005 20191106141115.0
008 181011s1995 hu o 0|| zxx d
022 |a 1215-5233 
040 |a SZTE Miscellanea Repozitórium  |b hun 
041 |a zxx 
100 1 |a Réger Zita 
245 1 0 |a Cigány gyerekek nyelvi problémái és iskolai esélyei  |h [elektronikus dokumentum] /  |c  Réger Zita 
260 |c 1995 
300 |a 102-106 
490 0 |a Iskolakultúra  |v 5 No. 24 
695 |a Oktatásügy - Magyarország - 20. sz., Oktatásügy - cigányok, Oktatás - cigányoké - Magyarország 
856 4 0 |u http://misc.bibl.u-szeged.hu/44920/1/iskolakultura_1995_024_102-106.pdf  |z Dokumentum-elérés